000 00291nam a22001337a 4500
008 180924b xxu||||| |||| 00| 0 eng d
020 _a080326058-X
041 _aeng
080 _a159.9
100 _a48
101 _aPSI
245 _aChild effects on adults
_cBell,R.Q
942 _2udc
_cBK
999 _c48370
_d48370